000 00599nam a2200277Ia 4500
005 20260401122214.0
008 008 250103s9999 xx 000 0 eng d
020 _a195130855
037 _aTB
040 _aEDL
040 _beng
040 _cEDL
041 _2eng
041 _aeng
084 _a863 ECH
084 _qEDL
245 0 _aOxford Book of Latin American Short Stories
260 _aNew York
260 _bOxford University Press
260 _c1999
300 _a481p
942 _cTB
942 _h863 ECH
999 _c1845622
_d1845622